000 01546nam a22002417a 4500
005 20260202145550.0
008 250106b ||||| |||| 00| 0 eng d
020 _a9781786583239
040 _cAL
041 _aeng
082 _223
_a823
_bYAGD
100 _aSatoshi Yagisawa
_9253556
245 _aDays at the Morisaki Bookshop
260 _aLondon
_bManilla Press
_c2023
300 _a169p.
_bPB
_c20x18cm.
365 _2Physics
_aXIA4-155580
_b276.45
_c
_d285.00
_e3%
_f17-12-2024
520 _ahere is an inexplicable comfort in reading a book that talks about books. It makes you travel down memory lane to revisit your journey as a reader and a book lover. You are gripped by a fuzzy familiarity and nostalgia. Days at the Morisaki Bookshop is a bibliophile’s delight and reaffirms the reader’s faith in the life-changing power of books. Originally published in Japanese, it won the Chiyoda Literary Prize in 2008 and was a commercial success. The book was later adapted into a film. The female protagonist, Takako, is struggling with heartbreak. Her boyfriend’s betrayal has hit her hard. She has resigned from her workplace as they were in the same company. Trapped in an unfamiliar abyss of great pain, sleeping becomes a coping mechanism. But an unexpected phone call from Satoru, her long-lost uncle, changes the course of her life.
650 _aJapanese Fiction
_9192279
650 _aTranslated in English
_9192280
650 _amorisaki shoten no hibi
_9197438
700 _aOzawa, Eric Tr
_9192282
942 _2ddc
_cBK
999 _c233518
_d233518